Organizačné zmeny - nástroj riadenia

Pojem organizačná zmena. Najčastejšie príklady organizačných zmien. Pôsobnosť k rozhodnutiu o organizačnej zmene. Rozhodnutie o organizačnej zmene.

Guardado en:
Detalles Bibliográficos
Autor principal: Briestenský, Ladislav
Formato: Capítulo de libro
Lenguaje:eslovaco
Materias:
Etiquetas: Agregar Etiqueta
Sin Etiquetas, Sea el primero en etiquetar este registro!

MARC

LEADER 00000naa a2200000 4500
001 0189933
005 20231208083155.8
041 0 |a slo 
044 |a SK 
245 1 0 |a Organizačné zmeny - nástroj riadenia  |c Ladislav Briestenský 
520 |a Pojem organizačná zmena. Najčastejšie príklady organizačných zmien. Pôsobnosť k rozhodnutiu o organizačnej zmene. Rozhodnutie o organizačnej zmene. 
610 2 0 |a nástroje riadenia 
610 2 0 |a zmeny organizačné 
610 2 0 |a osoby právnické 
610 2 0 |a samospráva 
100 1 |a Briestenský, Ladislav